| 000 | 00346nam a2200145Ia 4500 | ||
|---|---|---|---|
| 008 | 191201s2008 xx 000 0 und d | ||
| 082 |
_a519.5 _bGUM |
||
| 100 | _aGUPTA, S C | ||
| 245 | 0 | _aFundamentals of Mathematical Statistics | |
| 250 | _aRep. | ||
| 260 |
_aN.Delhi _bSultan Chand _c2008 |
||
| 300 | _amisc | ||
| 650 | _aMCA | ||
| 942 |
_2ddc _cBK |
||
| 999 |
_c3700 _d3700 |
||